000 01104nam a22003377a 4500
001 BR2011004478
003 BR-BrBNA
005 20230928103739.0
007 ta
008 230509b bl.||||| |||| 00| 0 por d
040 _aBR-BrBNA
_bpor
_cBiblioteca Nacional de Agricultura
041 _a(Eng, Spa, Por)
072 _aP01
090 _ P01 BR2011004478
100 1 _aCunha, L.H. de O. (org.)
100 1 _aFerreira, A.D.D. (org.)
110 1 _aUniversidade Federal do Paraná, Curitiba, PR (Brasil)
_911101
245 1 _aDesenvolvimento e meio ambiente riscos, precaução e proteção socioambientais
_bNº 21 2010
260 3 _aCuritiba, PR (Brasil):
_bUniversdiade Federal do Paraná,
_c2010.
300 _a206 p.
500 _aIncludes several bibliographies.; Summaries (Eng, Spa, Por).; 7 illus.; 4 graphs.; 10 tables
650 _aMEIO AMBIENTE
650 _aPOLÍTICA AMBIENTAL
650 _aPROTEÇÃO AMBIENTAL
650 _aCONSERVAÇÃO
650 _aBIODIVERSIDADE
650 _aGESTÃO
650 _aRISCO
909 _a202309
_bLucia
_c55
_dLucia Elande
942 _cBK
999 _c76444
_d76444